000 00653nam a2200229 i 4500
001 C2-0270222
003 PPAK
005 20180728000639.0
008 060809s2003 my |||| ||||| | may d
020 _a9836280561
040 _aPPAK
_beng
_cPPAK
_erda
082 0 4 _a306.08992305495
_223
090 0 0 _a306.08992305495
_bWAR
_dG
245 0 0 _aWarisan Melayu Sri Lanka
264 1 _aKuala Lumpur :
_bDewan Bahasa dan Pustaka ,
_c2003
300 _axviii, 517 pages ;
_c22 cm
336 _2rdacontent
_atext
337 _2rdamedia
_aunmediated
338 _2rdacarrier
_avolume
650 1 0 _aMalay - Sri Langka - Menners and customs.
942 _ddc
_cB
999 _c78771
_d78771